মিয়ানমার ভ্রমণের ডায়েরী/ (Record no. 19144)

MARC details
000 -LEADER
fixed length control field 00795nam a22001937a 4500
003 - CONTROL NUMBER IDENTIFIER
control field BDDh-ASL
005 - DATE AND TIME OF LATEST TRANSACTION
control field 20231015025747.0
008 - FIXED-LENGTH DATA ELEMENTS--GENERAL INFORMATION
fixed length control field 201114s2007 bg ||||| |||| 00| 0 b d
040 ## - CATALOGING SOURCE
Original cataloging agency BDDh-ASL
Transcribing agency BDDh-ASL
Modifying agency BDDh-ASL
041 ## - LANGUAGE CODE
Language code of text/sound track or separate title ben
082 ## - DEWEY DECIMAL CLASSIFICATION NUMBER
Classification number 910
Item number BAM
100 1# - MAIN ENTRY--PERSONAL NAME
9 (RLIN) 1539
Personal name বড়ুয়া, জ্যোতি বিকাশ
245 10 - TITLE STATEMENT
Title মিয়ানমার ভ্রমণের ডায়েরী/
Statement of responsibility, etc. জ্যোতি বিকাশ বড়ুয়া।
246 ## - VARYING FORM OF TITLE
Title proper/short title Myanmar Bhramaner Daeyiri
260 ## - PUBLICATION, DISTRIBUTION, ETC.
Place of publication, distribution, etc. ঢাকা:
Name of publisher, distributor, etc. অর্চনা বড়ুয়া,
Date of publication, distribution, etc. ২০০৭.
300 ## - PHYSICAL DESCRIPTION
Extent পৃ. ৭৩:
Dimensions ২২ সে.মি.।
650 #0 - SUBJECT ADDED ENTRY--TOPICAL TERM
9 (RLIN) 2021
Topical term or geographic name entry element ভ্রমণ গাইড
General subdivision ভ্রমণ
Geographic subdivision মিয়ানমার
942 ## - ADDED ENTRY ELEMENTS (KOHA)
Source of classification or shelving scheme Dewey Decimal Classification
Koha item type Books
Holdings
Withdrawn status Lost status Source of classification or shelving scheme Damaged status Not for loan Collection code Home library Current library Shelving location Date acquired Source of acquisition Total Checkouts Full call number Barcode Date last seen Copy number Price effective from Koha item type
    Dewey Decimal Classification     Non-fiction Asiatic Society Library Asiatic Society Library General Stacks 11/14/2020 ASB Collection   910 BAM 102422 11/14/2020 C-1 11/14/2020 Books

Powered by Koha